000 00599nas a2200217 4500
001 BR8401642
003 BR-BrBNA
005 20231205085847.0
007 ta
008 230509b bl.|||p| |||| 00| 00por d
040 _aBR-BrBNA
_bpor
_cBiblioteca Nacional de Agricultura
041 _a(Pt)
072 _aE70
100 1 _aCoelho, A.D.
245 1 _aA defesa do consumidor no Brasil
650 _aCONSUMO
650 _aCONSUMIDOR
773 0 _tAlimentacao (Brazil)
_xISSN 0100-9397
_g(Nov 1983), (no. 69) p. 5-7
_wBR8401642
909 _a202311
_bLúcia
_c55
_dLúcia Elande
942 _2AGRIS
_n0
_cANA
999 _c114347
_d114347